| 000 | 00599nam a2200181Ia 4500 | ||
|---|---|---|---|
| 003 | GCL | ||
| 008 | 140319s9999 xx 000 0 ara d | ||
| 040 |
_aGCL / _cGCL |
||
| 082 | 0 | 4 |
_a809.04 _bن م |
| 100 | 1 | _aعبدالله عبدالحافظ متولى | |
| 245 | 1 | 0 |
_aالمسرحية العالمية : الجزء الثالث / _cعبدالله عبدالحافظ متولى |
| 700 | 1 | _aنيكول ، الارديس | |
| 490 | _a | ||
| 650 | 0 | 4 | _aالفنون المسرحية |
| 650 | 0 | 4 | _aالادب العالمى المترجم |
| 650 | 0 | 4 | _aالمسرح - تاريخ |
| 942 |
_2ddc _cBK |
||
| 999 |
_c41060 _d41060 |
||